Citizenship, Identity and Immigration in the European Union diplomová práca

Saved in:
Bibliographic Details
Main Author: Polakovičová, Natália
Corporate Author: Fakulta aplikovaných jazykov EU v Bratislave. Katedra interkultúrnej komunikácie
Other Authors: Stradiotová, Eva, 1963-
Format: Book
Language:English
Published: Bratislava 2019
Tags: Add Tag
No Tags, Be the first to tag this record!

MARC

LEADER 00000nbm a2200000 4500
001 0254704
005 20191111104955.0
041 0 |a eng 
044 |a SK 
245 1 0 |a Citizenship, Identity and Immigration in the European Union  |b diplomová práca  |c Natália Polakovičová ; školiteľ: Eva Stradiotová 
264 1 |a Bratislava  |c 2019 
300 |a 73 s. 
100 1 |a Polakovičová, Natália 
700 1 |a Stradiotová, Eva, 1963- 
710 2 |a Fakulta aplikovaných jazykov EU v Bratislave. Katedra interkultúrnej komunikácie